Partial Knee arthroplasty : techniques for optimal outcomes (Record no. 32306)
[ view plain ]
| 000 -LEADER | |
|---|---|
| fixed length control field | 00721nam a2200181 a 4500 |
| 008 - FIXED-LENGTH DATA ELEMENTS--GENERAL INFORMATION | |
| fixed length control field | 191127s2012 ||||||||||||||||| || u |
| 020 ## - INTERNATIONAL STANDARD BOOK NUMBER | |
| International Standard Book Number | 9781437717563 |
| 050 ## - LIBRARY OF CONGRESS CALL NUMBER | |
| Classification number | RD 561 Ber |
| 100 ## - MAIN ENTRY--PERSONAL NAME | |
| Personal name | Berend, Keith R |
| 245 10 - TITLE STATEMENT | |
| Title | Partial Knee arthroplasty : techniques for optimal outcomes |
| Statement of responsibility, etc. | By Keith R. Berend ; Fred D. Cushner |
| 260 ## - PUBLICATION, DISTRIBUTION, ETC. | |
| Place of publication, distribution, etc. | Philadelphia |
| Name of publisher, distributor, etc. | Elsevier Saunders |
| Date of publication, distribution, etc. | 2012 |
| 300 ## - PHYSICAL DESCRIPTION | |
| Extent | xv, 269 pages : illustrations |
| 350 ## - | |
| -- | 200.44 |
| 650 ## - SUBJECT ADDED ENTRY--TOPICAL TERM | |
| Topical term or geographic name entry element | ARTHROPLASTY |
| 650 ## - SUBJECT ADDED ENTRY--TOPICAL TERM | |
| Topical term or geographic name entry element | TOTAL KNEE REPLACEMENT |
| 700 ## - ADDED ENTRY--PERSONAL NAME | |
| Personal name | Cushner, Fred D |
| 995 ## - | |
| -- | MEDICAL LIBRARY OPEN ACCESS |
| -- | 904523 |
| -- | CBU-SCHOOL OF MEDICINE LIBRARY (Ndola) |
| -- | 200.44 |
| -- | RD 561 Ber |
| -- | 1 |
| -- | AVAILABLE |
| -- | Dec 6, 2019 |
| -- | 904523 |
| -- | Medical Library Open Access Collection |
| 999 ## - | |
| -- | 32306 |
| -- | 32306 |
| Withdrawn status | Lost status | Source of classification or shelving scheme | Damaged status | Not for loan | Permanent Location | Current Location | Shelving location | Date acquired | Total Checkouts | Full call number | Barcode | Date last seen | Price effective from | Koha item type |
|---|---|---|---|---|---|---|---|---|---|---|---|---|---|---|
| CBU-SCHOOL OF MEDICINE LIBRARY, NDOLA. | CBU-SCHOOL OF MEDICINE LIBRARY, NDOLA. | 11/30/2022 | RD 561 Ber | 904523 | 11/30/2022 | 11/30/2022 | MONOGRAPH |